<?xml version="1.0" encoding="UTF-8"?><?xml-stylesheet type="text/xsl" href="static/style.xsl"?><OAI-PMH xmlns="http://www.openarchives.org/OAI/2.0/" xmlns:xsi="http://www.w3.org/2001/XMLSchema-instance" xsi:schemaLocation="http://www.openarchives.org/OAI/2.0/ http://www.openarchives.org/OAI/2.0/OAI-PMH.xsd"><responseDate>2026-04-17T03:52:48Z</responseDate><request verb="GetRecord" identifier="oai:www.recercat.cat:10459.1/468151" metadataPrefix="marc">https://recercat.cat/oai/request</request><GetRecord><record><header><identifier>oai:recercat.cat:10459.1/468151</identifier><datestamp>2025-09-15T18:35:49Z</datestamp><setSpec>com_2072_3622</setSpec><setSpec>col_2072_479130</setSpec></header><metadata><record xmlns="http://www.loc.gov/MARC21/slim" xmlns:dcterms="http://purl.org/dc/terms/" xmlns:xsi="http://www.w3.org/2001/XMLSchema-instance" xmlns:doc="http://www.lyncode.com/xoai" xsi:schemaLocation="http://www.loc.gov/MARC21/slim http://www.loc.gov/standards/marcxml/schema/MARC21slim.xsd">
   <leader>00925njm 22002777a 4500</leader>
   <datafield ind2=" " ind1=" " tag="042">
      <subfield code="a">dc</subfield>
   </datafield>
   <datafield ind2=" " ind1=" " tag="720">
      <subfield code="a">Andrés López, Gonzalo</subfield>
      <subfield code="e">author</subfield>
   </datafield>
   <datafield ind2=" " ind1=" " tag="720">
      <subfield code="a">Bellet, Carme</subfield>
      <subfield code="e">author</subfield>
   </datafield>
   <datafield ind2=" " ind1=" " tag="720">
      <subfield code="a">Lasala Fortea, José</subfield>
      <subfield code="e">author</subfield>
   </datafield>
   <datafield ind2=" " ind1=" " tag="720">
      <subfield code="a">Cebrián Abellán, Francisco</subfield>
      <subfield code="e">author</subfield>
   </datafield>
   <datafield ind2=" " ind1=" " tag="260">
      <subfield code="c">2025-05-22</subfield>
   </datafield>
   <datafield ind2=" " ind1=" " tag="520">
      <subfield code="a">Este trabajo analiza la segregación residencial y la diferenciación socioespacial en 34 áreas urbanas articuladas por ciudades medias españolas. Se muestra la complejidad de estos estudios en estas tipologías urbanas, en las que la aparente proximidad espacial de los grupos sociales esconde diferencias internas en los procesos analizados. Además de la talla y los factores estructurales globales, son los factores contextuales aquellos importantes para comprender la segregación. A su vez, las diferencias socioespaciales están principalmente condicionadas por el estatus social, el ciclo vital y el régimen de tenencia de la vivienda, este último cobrando especial importancia.</subfield>
   </datafield>
   <datafield ind2=" " ind1=" " tag="520">
      <subfield code="a">This study examines residential segregation and socio-spatial differentiation in 34 urban areasstructured around medium-sized Spanish cities. It highlights the complexity of analyzing these urban typologies, where the apparent spatial proximity of social groups conceals significant internal differences in the processes studied. Beyond size and global structural factors, contextual elements are important to understanding segregation. Furthermore, socio-spatial differences are primarily influenced by social status, life course, and housing tenure, with the latter assuming particular importance.</subfield>
   </datafield>
   <datafield ind2=" " ind1=" " tag="520">
      <subfield code="a">El artículo es parte del proyecto coordinado "Fragmentación y segregación socioespacial en las ciudades medias españolas y sus áreas urbanas (2001-2021)", conformado por los subproyectos: PID2021-124511NB-C21 y  PID21-124511NB-C22, financiados por MICIU/AIE/10.13039/501100011033/ y FEDER/UE.</subfield>
   </datafield>
   <datafield tag="653" ind2=" " ind1=" ">
      <subfield code="a">Segregación residencial</subfield>
   </datafield>
   <datafield tag="653" ind2=" " ind1=" ">
      <subfield code="a">Desigualdad</subfield>
   </datafield>
   <datafield tag="653" ind2=" " ind1=" ">
      <subfield code="a">Ciudades medias</subfield>
   </datafield>
   <datafield tag="653" ind2=" " ind1=" ">
      <subfield code="a">Diferenciación socioespacial</subfield>
   </datafield>
   <datafield tag="653" ind2=" " ind1=" ">
      <subfield code="a">Residential segregation</subfield>
   </datafield>
   <datafield tag="653" ind2=" " ind1=" ">
      <subfield code="a">Inequality</subfield>
   </datafield>
   <datafield tag="653" ind2=" " ind1=" ">
      <subfield code="a">Medium-sized cities</subfield>
   </datafield>
   <datafield tag="653" ind2=" " ind1=" ">
      <subfield code="a">Socio-spatial differentiation</subfield>
   </datafield>
   <datafield ind2="0" ind1="0" tag="245">
      <subfield code="a">Juntos pero separados: la segregación residencial en las ciudades medias españolas</subfield>
   </datafield>
   <datafield ind2="0" ind1="0" tag="245">
      <subfield code="a">Together but apart: residential segregation in medium-sized Spanish cities</subfield>
   </datafield>
</record></metadata></record></GetRecord></OAI-PMH>